Valoracin̤ del comportamiento de las partes en el proceso

Detalles Bibliográficos
Autor principal: Gonzl̀ez Carvajal, Jorge I.
Formato: eBook
Lenguaje:español
Publicado: Caracas: Revista Venezolana de Legislacin̤ y Jurisprudencia, 2019
Materias:
Acceso en línea:Acceso restringido

MARC

LEADER 00000nam a22000007a 4500
005 20190814020926.0
007 cr|||| ||||
008 190814s2019 ve |||||s|||| 00||0 spa d
020 |a 978-980-7561-08-2 
035 |a 24028 
040 |a vLex 
090 |c 9182  |d 9182 
100 1 |a Gonzl̀ez Carvajal, Jorge I. 
245 1 0 |a Valoracin̤ del comportamiento de las partes en el proceso  |h [Recurso electrn̤ico] /  |c Jorge I. Gonzl̀ez Carvajal 
256 |a Servicio en ln̕ea 
260 |a Caracas:  |b Revista Venezolana de Legislacin̤ y Jurisprudencia,  |c 2019 
300 |a 1 recurso electrn̤ico 
506 1 |a Disponible solo en los productos indicados  |d vLex Global  |d vLex Global (Academic Edition, excluding Law Schools)  |d vLex Global (U.S. Academic Edition, Law Schools)  |d vLex Global (U.S. Academic Edition, excluding Law Schools)  |d vLex Global (Academic Edition, Law Schools) 
650 0 4 |a Derecho Procesal  |z Venezuela 
740 0 |a vLex Libros (Servicio en ln̕ea) 
856 4 0 |u http://vlex.com/source/valoracion-comportamiento-partes-proceso-24028  |z Acceso restringido 
942 |c BOOK 
999 0 |a Procedural law